000 00500nam a22001817a 4500
003 OSt
005 20140310182050.0
008 130822t xxu||||| |||| 00| 0 eng d
020 _a0842364102
050 _aBV 4527
_b.Sm642 1971
082 _aHS 248.4
_bSm6 1971
100 _aSmith, Joyce Marie
_911948
245 _aSpiritual living /
_cJoyce Marie Smith.
260 _aWheaton, Illinois :
_bTyndale House Pub.,
_cc1971.
300 _a63 p. :
_c19 cm.
942 _2lcc
_cHS
999 _c8956
_d8956